| 000 | 03453nam a22004097a 4500 | ||
|---|---|---|---|
| 005 | 20090528142226.0 | ||
| 008 | 090528t xxu||||| |||| 00| 0 hin d | ||
| 010 | _aHIN-86641 | ||
| 020 |
_a9788189859985 _c595.00 |
||
| 035 | _aHN-58987 | ||
| 035 | _aB-353550-557 | ||
| 037 | _bDBAD / PUB | ||
| 037 | _bकिताबघर प्रकाशन | ||
| 040 |
_adpl _bhn |
||
| 082 | _a954.0841092 | ||
| 100 | _aभटनागर, राजेन्द्रमोहन | ||
| 245 |
_aसुभाषः एक खोज / _cराजेन्द्रमोहन भटनागर |
||
| 246 |
_aSubhash: eka khoja _bby Rajendramohan Bhatnagar |
||
| 260 |
_aनयी दिल्ली _bकिताबघर प्रकाशन _c2009 |
||
| 270 |
_a4855-56/24, अंसारी रोड, दरियागंज _bनयी दिल्ली _e110002 |
||
| 300 |
_a496पृ. _c22सेमी (सजिल्द) |
||
| 600 |
_aबोस , सुभाष चन्द्र, 1897-1945 _xजीवनी |
||
| 600 |
_aBose, Subhash Chandra, 1897-1945 _xBiography |
||
| 651 |
_aभारत _xइतिहास _xस्वायत्ता और स्वाधीनता संघर्ष |
||
| 651 |
_aIndia _xHistory _xAutonomy and independece movement |
||
| 942 |
_2ddc _cHN _mभटना _h954.0841092 |
||
| 999 |
_c26898 _d26898 |
||